Statistics for Category Elimination - Micronations

Click here to take the quiz!

General Stats

  • This quiz has been taken 77 times
  • The average score is 4 of 20

Answer Stats

Group#Category% Correct
Green18European Micronations
95%
Yellow25Micronations founded in the 20th Century
51%
Blue21Micronations that start with a letter from N to Z
39%
Green8... ending in A
30%
Green4... founded before the year 1990
25%
Pink26Micronations not located in a country with more than 50 Million people
21%
Green2... within land claimed by Italy
19%
Blue14... not in Europe
19%
Pink17... not in the "Old World"
16%
Blue6... founded in the 21st century
12%
Blue4... located in an English speaking country
11%
Blue1... with 5 or less lettersWy
9%
Yellow4... not in a Commonwealth country
7%
Yellow5... that are kingdoms
7%
Pink6... not ending in a vowel
7%
Yellow2... and in North America
5%
Yellow1... that are landlockedTalossa
5%
Green1... located on an islandTavolara
5%
Pink4... not in Australia
2%
Pink1... founded in the 1800'sParva Domus
0%

Score Distribution

Percentile by Number Answered

Percent of People with Each Score

Your Score History

You have not taken this quiz